[Event "Quebec op U1400"]
[Site "Montreal CAN"]
[Date "2016.07.26"]
[Round "5.9"]
[White "Gao, Ying Chen"]
[Black "Imbeault, Marc"]
[Result "0-1"]
[WhiteElo "1371"]
[BlackElo "1372"]
[PlyCount "62"]
[EventDate "2016.07.23"]
[EventType "swiss"]
[EventRounds "8"]
[EventCountry "CAN"]

1. e4 c5 2. Nf3 e6 3. d4 cxd4 4. Nxd4 Nf6 5. Nc3 Nc6 6. Bc4 Be7 7. Be3 a6 8. f3
d6 9. Qd2 Bd7 10. Nxc6 Bxc6 11. Bb3 b5 12. Ne2 Qc7 13. h4 O-O-O 14. Nd4 d5 15.
e5 Nd7 16. f4 a5 17. Nxc6 Qxc6 18. Qxa5 d4 19. Bxd4 Qe4+ 20. Kf1 Qxd4 21. Qa8+
Nb8 22. Qf3 Qxb2 23. Ke2 Rd7 24. a4 Rhd8 25. Rhb1 Rd2+ 26. Kf1 Qd4 27. axb5 Bc5
28. Ke1 Bb4 29. Kf1 Bc5 30. Ke1 Qg1+ 31. Qf1 Qe3+ 0-1

[Event "Quebec op U1400"]
[Site "Montreal CAN"]
[Date "2016.07.26"]
[Round "5.10"]
[White "Dubois, Lorraine"]
[Black "Grandmaison, Real"]
[Result "0-1"]
[WhiteElo "1200"]
[BlackElo "1243"]
[PlyCount "90"]
[EventDate "2016.07.23"]
[EventType "swiss"]
[EventRounds "8"]
[EventCountry "CAN"]

1. d4 d5 2. c4 c6 3. cxd5 cxd5 4. Nc3 Nf6 5. Bg5 e6 6. e3 Be7 7. Bd3 O-O 8.
Nge2 Nbd7 9. O-O a6 10. Qc2 Kh8 11. a3 g6 12. Ng3 Ng8 13. Bxe7 Qxe7 14. e4 dxe4
15. Ncxe4 f5 16. Nd2 Nb6 17. Rfe1 Nd5 18. Bc4 Qd6 19. Nf3 b5 20. Ba2 Bd7 21.
Ne5 Rac8 22. Qd2 Nge7 23. h4 Rf6 24. Qg5 Ng8 25. Qf4 Qc7 26. Rac1 Qd8 27. Rxc8
Qxc8 28. Rc1 Nxf4 29. Rxc8 Bxc8 30. Nf1 Ne2+ 31. Kh1 Nxd4 32. Ne3 Kg7 33. Nf1
h6 34. Ng3 Ne7 35. Nf1 Nec6 36. Nd3 e5 37. Ne3 Be6 38. Bb1 e4 39. Nc5 a5 40. g3
b4 41. Kg2 bxa3 42. bxa3 Rf8 43. Nc2 Rb8 44. Nxe6+ Nxe6 45. Ba2 Rb2 0-1

[Event "Quebec op U1400"]
[Site "Montreal CAN"]
[Date "2016.07.26"]
[Round "5.11"]
[White "Forgues, David"]
[Black "Forcier, Pierre-Rodolphe"]
[Result "1-0"]
[WhiteElo "1238"]
[BlackElo "1292"]
[PlyCount "45"]
[EventDate "2016.07.23"]
[EventType "swiss"]
[EventRounds "8"]
[EventCountry "CAN"]

1. e4 e5 2. Nf3 Nc6 3. d4 exd4 4. Nxd4 Bc5 5. Nxc6 bxc6 6. Bc4 Qf6 7. O-O Ne7
8. Nc3 O-O 9. a3 a5 10. Qe2 Qe5 11. g3 Ng6 12. Bd2 Kh8 13. Bd3 Bb7 14. Be3 Rfe8
15. f4 Bxe3+ 16. Qxe3 Qe7 17. Rae1 d5 18. f5 Qd6 19. fxg6 d4 20. e5 Qd5 21. Qe4
dxc3 22. gxf7 Rf8 23. Qxh7# 1-0

[Event "Quebec op U1400"]
[Site "Montreal CAN"]
[Date "2016.07.26"]
[Round "5.12"]
[White "Hall, Arturo"]
[Black "Pietka, Krystyn"]
[Result "1/2-1/2"]
[WhiteElo "1291"]
[BlackElo "1282"]
[PlyCount "125"]
[EventDate "2016.07.23"]
[EventType "swiss"]
[EventRounds "8"]
[EventCountry "CAN"]

1. d4 Nf6 2. c4 e6 3. Nc3 d5 4. e3 c5 5. Bd3 cxd4 6. exd4 dxc4 7. Bxc4 Qc7 8.
b3 Bb4 9. Nge2 Nc6 10. Be3 Ne4 11. Qc2 Nd6 12. Bd3 Nf5 13. O-O Bxc3 14. Qxc3
Nxe3 15. fxe3 Bd7 16. Nf4 O-O-O 17. d5 Ne5 18. Qxc7+ Kxc7 19. Bc4 Nxc4 20. bxc4
g5 21. dxe6 gxf4 22. exd7 Rxd7 23. Rxf4 Rhd8 24. h3 Rd1+ 25. Rxd1 Rxd1+ 26. Kh2
Rd7 27. Kg3 Re7 28. Kf3 Kd6 29. Rd4+ Kc5 30. g4 h6 31. Kf4 Kb4 32. e4 Rc7 33.
Kf5 Kc5 34. Rd5+ Kxc4 35. Rd6 Rc6 36. Rd7 Ra6 37. Rxf7 Rxa2 38. Rxb7 Ra5+ 39.
Kg6 Ra6+ 40. Kf5 Ra3 41. h4 Rf3+ 42. Kg6 Rf4 43. g5 hxg5 44. Kxg5 Rxe4 45. Rxa7
Re5+ 46. Kg6 Re6+ 47. Kg7 Re5 48. Ra4+ Kb5 49. Rg4 Kc6 50. Rg5 Re7+ 51. Kf6 Rh7
52. h5 Kd6 53. Kg6 Re7 54. Kh6 Ke6 55. Rg7 Re8 56. Kg6 Rd8 57. h6 Rd1 58. h7
Rg1+ 59. Kh6 Rh1+ 60. Kg6 Rg1+ 61. Kh5 Rh1+ 62. Kg4 Kf6 63. Ra7 1/2-1/2

[Event "Quebec op U1400"]
[Site "Montreal CAN"]
[Date "2016.07.27"]
[Round "6.71"]
[White "Liu, Kevin"]
[Black "Dawson, Skyler"]
[Result "0-1"]
[WhiteElo "1312"]
[BlackElo "1319"]
[PlyCount "58"]
[EventDate "2016.07.23"]
[EventType "swiss"]
[EventRounds "8"]
[EventCountry "CAN"]

1. e4 c5 2. Nf3 d6 3. Bb5+ Nd7 4. c3 Ngf6 5. Bd3 g6 6. Bc2 Qa5 7. O-O Bg7 8. d4
O-O 9. Re1 Qc7 10. h3 e6 11. Bf4 Nh5 12. Bh2 e5 13. Na3 a6 14. Qe2 b5 15. Rad1
Bb7 16. dxe5 Nxe5 17. c4 Nxf3+ 18. Qxf3 b4 19. Nb1 Rad8 20. Rd2 f5 21. Qd1 f4
22. Qg4 Bxb2 23. g3 Be5 24. Red1 f3 25. Qe6+ Kh8 26. g4 Bxh2+ 27. Kxh2 Ng7 28.
Qxd6 Rxd6 29. Rxd6 Ne8 0-1

[Event "Quebec op U1400"]
[Site "Montreal CAN"]
[Date "2016.07.27"]
[Round "6.72"]
[White "Jordanov, Jordan"]
[Black "Rodi, Mathieu"]
[Result "1-0"]
[WhiteElo "1339"]
[BlackElo "1273"]
[PlyCount "85"]
[EventDate "2016.07.23"]
[EventType "swiss"]
[EventRounds "8"]
[EventCountry "CAN"]

1. d4 Nf6 2. c4 c5 3. e3 e6 4. Nc3 d5 5. Nf3 Nc6 6. dxc5 Bxc5 7. cxd5 exd5 8.
Bb5 O-O 9. Bxc6 bxc6 10. Qa4 Qd6 11. O-O Rb8 12. a3 Bg4 13. Nd4 Bxd4 14. Qxd4
c5 15. Qa4 d4 16. exd4 cxd4 17. Nd1 Rfe8 18. f3 Bf5 19. Nf2 d3 20. Bf4 Qc5 21.
Bxb8 Rxb8 22. b4 Qd4 23. Qa5 Nd5 24. Qc5 Qxc5 25. bxc5 Rb2 26. Rfb1 Rxb1+ 27.
Rxb1 Kf8 28. Ne4 Nf4 29. Rd1 Ke7 30. g3 Bxe4 31. fxe4 Ne6 32. Rxd3 Nxc5 33. Rd5
Nd7 34. Ra5 a6 35. Rxa6 Nc5 36. Ra7+ Kf6 37. e5+ Ke6 38. Kg2 Nd7 39. a4 Nxe5
40. Ra8 h5 41. a5 Ke7 42. Rb8 g6 43. a6 1-0

[Event "Quebec op U1400"]
[Site "Montreal CAN"]
[Date "2016.07.27"]
[Round "6.73"]
[White "Arsenault-Mahjoubi, Louis"]
[Black "Laroche, Martin"]
[Result "1-0"]
[WhiteElo "1359"]
[BlackElo "1372"]
[PlyCount "29"]
[EventDate "2016.07.23"]
[EventType "swiss"]
[EventRounds "8"]
[EventCountry "CAN"]

1. d4 d5 2. c4 e6 3. Nc3 Nf6 4. cxd5 Nxd5 5. e4 Nxc3 6. bxc3 b6 7. Bd3 c5 8. e5
Bb7 9. Qg4 cxd4 10. Bg5 Qd5 11. Nf3 dxc3 12. Rd1 Nd7 13. Bg6 Qc6 14. Rd6 Bxd6
15. Qxe6+ 1-0

[Event "Quebec op U1400"]
[Site "Montreal CAN"]
[Date "2016.07.27"]
[Round "6.74"]
[White "Lauzon, Francois"]
[Black "Bercuvitz, Tani"]
[Result "1-0"]
[WhiteElo "1265"]
[BlackElo "1280"]
[PlyCount "59"]
[EventDate "2016.07.23"]
[EventType "swiss"]
[EventRounds "8"]
[EventCountry "CAN"]

1. e4 e5 2. Nf3 Nc6 3. Bb5 a6 4. Ba4 Nf6 5. O-O Bc5 6. Re1 b5 7. Bb3 d6 8. h3
O-O 9. c3 h6 10. d4 Bb6 11. Qd3 Re8 12. Be3 Ba7 13. a3 Bd7 14. Nbd2 Qc8 15. Kh2
Qb7 16. Nh4 exd4 17. Bxh6 dxc3 18. bxc3 Bxf2 19. Ng6 Bxe1 20. Rxe1 gxh6 21. Qg3
Be6 22. Bxe6 fxe6 23. Rf1 Nxe4 24. Ne7+ Kh8 25. Ng6+ Kg7 26. Nxe4 Nd8 27. Nf6
Nf7 28. Nh5+ Kg8 29. Ne7+ Kf8 30. Rxf7+ 1-0

[Event "Quebec op U1400"]
[Site "Montreal CAN"]
[Date "2016.07.27"]
[Round "6.75"]
[White "Lemarier, Stephane"]
[Black "Amyot, Stephane"]
[Result "1-0"]
[WhiteElo "1377"]
[BlackElo "1218"]
[PlyCount "45"]
[EventDate "2016.07.23"]
[EventType "swiss"]
[EventRounds "8"]
[EventCountry "CAN"]

1. d4 d5 2. c4 dxc4 3. e3 b5 4. a4 c6 5. axb5 cxb5 6. Qf3 Nc6 7. Qxc6+ Bd7 8.
Qa6 Nf6 9. Bd2 e6 10. Nf3 Nd5 11. Ne5 Nb4 12. Bxb4 Bxb4+ 13. Nc3 O-O 14. Nxd7
Qxd7 15. Be2 Rfb8 16. O-O Rb6 17. Qxb6 axb6 18. Rxa8+ Bf8 19. Rfa1 f5 20. Rb8
b4 21. Raa8 h6 22. Rxf8+ Kh7 23. Na2 1-0

[Event "Quebec op U1400"]
[Site "Montreal CAN"]
[Date "2016.07.27"]
[Round "6.76"]
[White "Pan, Yu Xiang"]
[Black "Zhong, Ziyi"]
[Result "1-0"]
[WhiteElo "1187"]
[BlackElo "1240"]
[PlyCount "93"]
[EventDate "2016.07.23"]
[EventType "swiss"]
[EventRounds "8"]
[EventCountry "CAN"]

1. e4 e5 2. Nf3 Nc6 3. Nc3 Nf6 4. Bb5 d6 5. O-O a6 6. Ba4 g6 7. d3 Bg7 8. Be3
O-O 9. Qd2 Ng4 10. Nd5 Nxe3 11. fxe3 Ne7 12. Nxe7+ Qxe7 13. d4 Bh6 14. dxe5
dxe5 15. Rad1 Qc5 16. Rde1 Qc4 17. Bb3 Qxe4 18. Qd3 Qxd3 19. cxd3 Re8 20. d4 e4
21. Ne5 Be6 22. Nxf7 Bxb3 23. Nxh6+ Kg7 24. axb3 Kxh6 25. Rf7 Re6 26. Rxc7 Rb6
27. Re7 Rxb3 28. Re2 a5 29. Rxe4 a4 30. d5 Rd3 31. Rh4+ Kg5 32. Rxh7 Rf8 33.
h4+ Kg4 34. Kh2 Rxd5 35. e4 Rh5 36. Rxh5 gxh5 37. g3 Kf3 38. Re1 Rg8 39. e5
Rxg3 40. Rg1 Rg4 41. Rxg4 hxg4 42. Kg1 b5 43. e6 b4 44. e7 a3 45. bxa3 b3 46.
e8=Q b2 47. Qb5 1-0

[Event "Quebec op U1400"]
[Site "Montreal CAN"]
[Date "2016.07.27"]
[Round "6.77"]
[White "Laroche, Hugo"]
[Black "Imbeault, Marc"]
[Result "1-0"]
[WhiteElo "1272"]
[BlackElo "1372"]
[PlyCount "77"]
[EventDate "2016.07.23"]
[EventType "swiss"]
[EventRounds "8"]
[EventCountry "CAN"]

1. d4 d5 2. c4 e6 3. Nc3 Nf6 4. Bg5 Nbd7 5. e3 Be7 6. Nf3 c6 7. Rc1 O-O 8. Bd3
b6 9. Qc2 dxc4 10. Bxc4 Nd5 11. h4 Nb4 12. Qe4 Nf6 13. Bxf6 Bxf6 14. Ng5 Bxg5
15. hxg5 g6 16. Qh4 Re8 17. Qxh7+ Kf8 18. Qh8+ Ke7 19. Qf6+ Kd7 20. Qxf7+ Re7
21. Bxe6+ Kc7 22. Qf4+ Kb7 23. Bxc8+ Rxc8 24. Rd1 c5 25. Qf3+ Kb8 26. a3 Nc6
27. dxc5 Ne5 28. Qf4 Qc7 29. Nd5 Qxc5 30. Nxe7 Qxe7 31. Rd5 Rc1+ 32. Ke2 Rxh1
33. Qxe5+ Qxe5 34. Rxe5 Kc7 35. Re7+ Kd6 36. Rxa7 Rc1 37. Kd2 Rc5 38. f4 Ke6
39. Rg7 1-0

[Event "Quebec op U1400"]
[Site "Montreal CAN"]
[Date "2016.07.27"]
[Round "6.78"]
[White "Grandmaison, Real"]
[Black "Dimov, Petre"]
[Result "0-1"]
[WhiteElo "1243"]
[BlackElo "1272"]
[PlyCount "100"]
[EventDate "2016.07.23"]
[EventType "swiss"]
[EventRounds "8"]
[EventCountry "CAN"]

1. d4 c5 2. c3 cxd4 3. cxd4 e6 4. Nc3 a6 5. e4 Qc7 6. Nf3 b5 7. a3 Bb7 8. Bd3
b4 9. axb4 Bxb4 10. Bd2 Be7 11. O-O Nc6 12. Rc1 Qb8 13. Qe2 Nf6 14. Ra1 Nb4 15.
Bb1 Nc6 16. Bd3 Nb4 17. Bb1 a5 18. Qe3 O-O 19. h3 d6 20. e5 Nfd5 21. Nxd5 Bxd5
22. Ng5 h6 23. Nf3 Qb7 24. Rc1 f6 25. Bxb4 fxe5 26. dxe5 Qxb4 27. Qd3 Rf5 28.
Nd4 Rg5 29. g4 Qxb2 30. Bc2 dxe5 31. Nb5 e4 32. Qe2 Rc8 33. Rab1 Qe5 34. Bd1
Rc5 35. Qe3 Ba2 36. Ra1 Rc4 37. Nc3 Bc5 38. Qd2 Qg3+ 39. Kh1 Qxh3+ 40. Kg1 e3
41. Qd8+ Kh7 42. Bc2+ Rg6 43. Bxg6+ Kxg6 44. Qd3+ Kf6 45. Qd8+ Be7 46. Qd1
exf2+ 47. Kxf2 Bc5+ 48. Ke1 Qg3+ 49. Kd2 Qe3+ 50. Kc2 Qxc3# 0-1

[Event "Quebec op U1400"]
[Site "Montreal CAN"]
[Date "2016.07.27"]
[Round "6.79"]
[White "Omichi, Kevin"]
[Black "Forgues, David"]
[Result "1/2-1/2"]
[WhiteElo "1168"]
[BlackElo "1238"]
[PlyCount "61"]
[EventDate "2016.07.23"]
[EventType "swiss"]
[EventRounds "8"]
[EventCountry "CAN"]

1. e4 c5 2. Nf3 Nc6 3. d4 cxd4 4. Nxd4 Nxd4 5. Qxd4 Nf6 6. Nc3 b6 7. Be2 Bb7 8.
Bf3 e6 9. Bg5 Bc5 10. Qd2 h6 11. Bh4 Nxe4 12. Bxd8 Nxd2 13. Bxb7 Rxd8 14. Kxd2
Bxf2 15. Bf3 O-O 16. Rad1 Bc5 17. Kc1 d5 18. Bxd5 exd5 19. Rxd5 Rxd5 20. Nxd5
Rd8 21. Rd1 Rd6 22. h3 Re6 23. c3 Be3+ 24. Nxe3 Rxe3 25. Kd2 Rg3 26. Rg1 g5 27.
Ke2 f5 28. Kf2 Rd3 29. Ke2 Rg3 30. Kf2 Rd3 31. Ke2 1/2-1/2

[Event "Quebec op U1400"]
[Site "Montreal CAN"]
[Date "2016.07.27"]
[Round "6.81"]
[White "Hall, Arturo"]
[Black "Dubois, Lorraine"]
[Result "1-0"]
[WhiteElo "1291"]
[BlackElo "1200"]
[PlyCount "51"]
[EventDate "2016.07.23"]
[EventType "swiss"]
[EventRounds "8"]
[EventCountry "CAN"]

1. c4 c6 2. d3 d5 3. cxd5 cxd5 4. d4 Nc6 5. e3 Nf6 6. Bb5 Bd7 7. Nf3 a6 8. Bxc6
bxc6 9. O-O e6 10. Nc3 c5 11. Re1 cxd4 12. Nxd4 Bb4 13. Bd2 O-O 14. Nxd5 Nxd5
15. e4 Bxd2 16. Qxd2 Ne7 17. Rad1 Nc6 18. Nf3 Ra7 19. h3 e5 20. Qc3 Re8 21. Rd5
Re7 22. Red1 Qc8 23. Nxe5 h6 24. Qc5 Qf8 25. Nxc6 Rc7 26. Nxe7+ 1-0

[Event "Quebec op U1400"]
[Site "Montreal CAN"]
[Date "2016.07.27"]
[Round "6.82"]
[White "Luchian, Andra"]
[Black "Denis, Alain"]
[Result "1-0"]
[WhiteElo "1240"]
[BlackElo "1244"]
[PlyCount "101"]
[EventDate "2016.07.23"]
[EventType "swiss"]
[EventRounds "8"]
[EventCountry "CAN"]

1. d4 g6 2. Nf3 Nf6 3. Bg5 Bg7 4. c4 d6 5. Nc3 c6 6. e4 O-O 7. Be2 Nbd7 8. O-O
Qc7 9. Rc1 Re8 10. h3 e5 11. d5 c5 12. Qc2 a6 13. a3 Rb8 14. b4 b6 15. b5 h6
16. Bh4 Nh7 17. Nh2 Ndf6 18. Bg3 Bb7 19. Ng4 Ra8 20. Ra1 Nxg4 21. Bxg4 Nf6 22.
Qd1 Nxg4 23. Qxg4 Bc8 24. Qe2 a5 25. a4 f5 26. Ra3 f4 27. Bh2 Qd8 28. Qf3 Bd7
29. Ne2 Qg5 30. Kh1 Qf6 31. Ng1 g5 32. g3 fxg3 33. fxg3 Rf8 34. Qxf6 Rxf6 35.
Rxf6 Bxf6 36. Rf3 Rf8 37. g4 Be8 38. Ne2 h5 39. Ng3 Kg7 40. Nf5+ Kg6 41. Nxd6
hxg4 42. hxg4 Kg7 43. Kg2 Bg6 44. Rd3 Rd8 45. Nf5+ Bxf5 46. exf5 Rd6 47. Kf3
Rd7 48. d6 Kf7 49. Ke4 Ke8 50. Bxe5 Bxe5 51. Kxe5 1-0

[Event "Quebec op U1400"]
[Site "Montreal CAN"]
[Date "2016.07.28"]
[Round "7.1"]
[White "Dawson, Skyler"]
[Black "Jordanov, Jordan"]
[Result "1-0"]
[WhiteElo "1319"]
[BlackElo "1339"]
[PlyCount "67"]
[EventDate "2016.07.23"]
[EventType "swiss"]
[EventRounds "8"]
[EventCountry "CAN"]

1. e4 c5 2. Nf3 d6 3. d4 cxd4 4. Nxd4 Nf6 5. Nc3 a6 6. Be3 e5 7. Nb3 b5 8. f3
Be6 9. Qd2 Nbd7 10. O-O-O Be7 11. g4 O-O 12. g5 b4 13. Ne2 Ne8 14. h4 a5 15.
Bh3 a4 16. Bxe6 fxe6 17. Nbd4 exd4 18. Nxd4 b3 19. a3 bxc2 20. Qxc2 Rc8 21. Nc6
Rxc6 22. Qxc6 Rxf3 23. Bd4 e5 24. Qd5+ Kh8 25. Bc3 Qb8 26. Qe6 Qd8 27. Rhf1 Nc5
28. Qc4 Qc7 29. Kb1 Rxf1 30. Rxf1 Qb7 31. Qf7 Nf6 32. gxf6 gxf6 33. Rg1 Qxe4+
34. Ka2 1-0

[Event "Quebec op U1400"]
[Site "Montreal CAN"]
[Date "2016.07.28"]
[Round "7.2"]
[White "Rodi, Mathieu"]
[Black "Arsenault-Mahjoubi, Louis"]
[Result "1/2-1/2"]
[WhiteElo "1273"]
[BlackElo "1359"]
[PlyCount "95"]
[EventDate "2016.07.23"]
[EventType "swiss"]
[EventRounds "8"]
[EventCountry "CAN"]

1. e4 c5 2. d4 cxd4 3. c3 dxc3 4. Nxc3 e6 5. Bc4 Nc6 6. Nf3 Qc7 7. O-O Nf6 8.
Qe2 d6 9. Rd1 Be7 10. Bg5 a6 11. Rac1 O-O 12. Nd4 b5 13. Bb3 Bb7 14. f3 Rad8
15. Nxc6 Bxc6 16. Nd5 Nxd5 17. exd5 Bxg5 18. Rxc6 Qd7 19. Qe4 Rfe8 20. dxe6
fxe6 21. Rcxd6 Qa7+ 22. Kh1 Rxd6 23. Rxd6 Qc7 24. Rc6 Qd8 25. Rxa6 Qd2 26. h4
Qc1+ 27. Kh2 Bf4+ 28. g3 Qxb2+ 29. Kh3 Be5 30. Rxe6 Rxe6 31. Bxe6+ Kf8 32. Qf5+
Ke7 33. Qf7+ Kd6 34. Qd7+ Kc5 35. Qd5+ Kb4 36. Qe4+ Qd4 37. Qxh7 Bxg3 38. Qb1+
Ka5 39. Kxg3 Qe5+ 40. Kf2 Qxe6 41. Qe1+ Qxe1+ 42. Kxe1 Ka4 43. Kd2 Kb4 44. Kd3
Ka3 45. Kc3 Kxa2 46. Kb4 Kb2 47. Kxb5 Kc3 48. Kc5 1/2-1/2

[Event "Quebec op U1400"]
[Site "Montreal CAN"]
[Date "2016.07.28"]
[Round "7.3"]
[White "Lemarier, Stephane"]
[Black "Liu, Kevin"]
[Result "1-0"]
[WhiteElo "1377"]
[BlackElo "1312"]
[PlyCount "119"]
[EventDate "2016.07.23"]
[EventType "swiss"]
[EventRounds "8"]
[EventCountry "CAN"]

1. d4 d5 2. c4 dxc4 3. e3 e5 4. Bxc4 exd4 5. exd4 Bd6 6. Nf3 h6 7. O-O Ne7 8.
Re1 O-O 9. Nc3 Nbc6 10. b3 Bb4 11. Bb2 Bg4 12. Be2 Nf5 13. d5 Nce7 14. h3 Bxf3
15. Bxf3 Nh4 16. Be4 f5 17. Qh5 fxe4 18. Qxh4 Nxd5 19. Qxe4 Bxc3 20. Bxc3 Nxc3
21. Qc4+ Qd5 22. Qxc3 Qf5 23. Qc4+ Kh7 24. Re2 c6 25. Rae1 Rf6 26. Qe4 Qxe4 27.
Rxe4 Raf8 28. f3 Kg6 29. Re7 R8f7 30. R1e3 Rxe7 31. Rxe7 Rf7 32. Rxf7 Kxf7 33.
Kf2 Ke6 34. Ke3 c5 35. Ke4 g5 36. f4 b5 37. f5+ Kd6 38. g4 a5 39. a3 a4 40.
bxa4 bxa4 41. Kd3 Kd5 42. Kc3 Kd6 43. Kc4 Kc6 44. f6 Kd6 45. Kb5 Ke6 46. Kxa4
Kxf6 47. Kb5 Ke5 48. Kxc5 Kf4 49. a4 Kg3 50. a5 Kxh3 51. a6 Kxg4 52. a7 h5 53.
a8=Q Kh4 54. Qg2 g4 55. Kd4 g3 56. Ke3 Kg4 57. Qh1 h4 58. Ke2 Kh5 59. Qh3 Kg5
60. Kf3 1-0

[Event "Quebec op U1400"]
[Site "Montreal CAN"]
[Date "2016.07.28"]
[Round "7.4"]
[White "Pan, Yu Xiang"]
[Black "Lauzon, Francois"]
[Result "1-0"]
[WhiteElo "1187"]
[BlackElo "1265"]
[PlyCount "47"]
[EventDate "2016.07.23"]
[EventType "swiss"]
[EventRounds "8"]
[EventCountry "CAN"]

1. e4 c5 2. Nf3 d6 3. d4 cxd4 4. Nxd4 Nf6 5. Nc3 a6 6. Be3 e5 7. Nb3 Be6 8. Nd5
Nxd5 9. exd5 Bf5 10. Be2 Be7 11. O-O O-O 12. Bg4 Bxg4 13. Qxg4 Nd7 14. Bh6 Bf6
15. f4 Kh8 16. Bg5 e4 17. Bxf6 Nxf6 18. Qe2 Re8 19. c4 e3 20. Rf3 Qb6 21. Re1
h6 22. Rxe3 Rxe3 23. Qxe3 Ng4 24. Qxb6 1-0

[Event "Quebec op U1400"]
[Site "Montreal CAN"]
[Date "2016.07.28"]
[Round "7.5"]
[White "Laroche, Martin"]
[Black "Laroche, Hugo"]
[Result "0-1"]
[WhiteElo "1372"]
[BlackElo "1272"]
[PlyCount "48"]
[EventDate "2016.07.23"]
[EventType "swiss"]
[EventRounds "8"]
[EventCountry "CAN"]

1. f4 d5 2. Nf3 Nf6 3. h3 c5 4. d4 Bf5 5. Nc3 e6 6. g4 Be4 7. Bg2 cxd4 8. Nxe4
Nxe4 9. Qxd4 Nc6 10. Qa4 Bb4+ 11. Bd2 Qb6 12. Rf1 Bc5 13. O-O-O Ng3 14. Ne5
Nxf1 15. Rxf1 Bd4 16. Nd3 Be3 17. f5 O-O 18. Bxe3 Qxe3+ 19. Kd1 exf5 20. Bxd5
Rfe8 21. Re1 Rac8 22. gxf5 Nd4 23. Qxa7 Rxc2 24. Qxb7 Qd2# 0-1

[Event "Quebec op U1400"]
[Site "Montreal CAN"]
[Date "2016.07.28"]
[Round "7.6"]
[White "Amyot, Stephane"]
[Black "Dimov, Petre"]
[Result "1-0"]
[WhiteElo "1218"]
[BlackElo "1272"]
[PlyCount "71"]
[EventDate "2016.07.23"]
[EventType "swiss"]
[EventRounds "8"]
[EventCountry "CAN"]

1. e4 c5 2. c4 e6 3. Nc3 a6 4. Nf3 Nc6 5. d4 cxd4 6. Nxd4 Qc7 7. Be2 b6 8. O-O
Bd6 9. Nf3 Nf6 10. Re1 Bb7 11. Bf1 Ne5 12. Qe2 Nxf3+ 13. Qxf3 Bxh2+ 14. Kh1 h5
15. Bg5 Be5 16. Rad1 Ng4 17. g3 f6 18. Be3 Qd8 19. Bd4 O-O 20. Bh3 f5 21. Bxg4
fxe4 22. Bxe6+ dxe6 23. Qe3 Bxd4 24. Rxd4 Qc7 25. Nxe4 Qe5 26. Kg1 Rad8 27.
Red1 Rxd4 28. Rxd4 Bxe4 29. Qxe4 Qf6 30. Rd2 e5 31. Qd5+ Kh7 32. Re2 Re8 33. f4
e4 34. Qxh5+ Qh6 35. Qxe8 Qf6 36. Rh2+ 1-0

[Event "Quebec op U1400"]
[Site "Montreal CAN"]
[Date "2016.07.28"]
[Round "7.7"]
[White "Zhong, Ziyi"]
[Black "Hall, Arturo"]
[Result "1-0"]
[WhiteElo "1240"]
[BlackElo "1291"]
[PlyCount "135"]
[EventDate "2016.07.23"]
[EventType "swiss"]
[EventRounds "8"]
[EventCountry "CAN"]

1. e4 e5 2. Nf3 Nc6 3. Bc4 h6 4. O-O Nf6 5. d3 Bc5 6. a3 O-O 7. Be3 Bxe3 8.
fxe3 d6 9. Nc3 Ne7 10. d4 exd4 11. exd4 c6 12. e5 Nfd5 13. exd6 Ne3 14. dxe7
Qxe7 15. Qe2 Re8 16. Rfe1 Bg4 17. Ba2 Rad8 18. Nd1 Bxf3 19. Qxf3 Qd6 20. Bxf7+
Kh8 21. Bxe8 Nxc2 22. Bf7 Nxe1 23. Qe2 Qxd4+ 24. Kh1 Nd3 25. Ne3 Rf8 26. Rd1
Rxf7 27. Rxd3 Qf6 28. h3 Re7 29. Rd8+ Kh7 30. Qd3+ g6 31. Rd7 h5 32. Qd2 b5 33.
Qc3 Qe6 34. Rxe7+ Qxe7 35. Nf1 Qf8 36. Kg1 Qc8 37. b4 a6 38. Ne3 Qe8 39. g4 Qd7
40. Qb3 Kg7 41. gxh5 gxh5 42. Qb2+ Kf8 43. Qf2+ Qf7 44. Qxf7+ Kxf7 45. Kf2 Ke6
46. Ng2 Ke5 47. Ke3 Kf6 48. Kf4 Kg6 49. Ke5 Kg5 50. h4+ Kg4 51. Nf4 Kxh4 52.
Nxh5 Kxh5 53. Kd6 Kg6 54. Kxc6 Kf6 55. Kb6 Ke7 56. Kxa6 Kd7 57. Kxb5 Kc7 58. a4
Kb7 59. a5 Ka7 60. a6 Kb8 61. Ka5 Ka7 62. b5 Ka8 63. b6 Kb8 64. Kb5 Ka8 65. Kc6
Kb8 66. Kd7 Ka8 67. b7+ Kb8 68. Kc6 1-0

[Event "Quebec op U1400"]
[Site "Montreal CAN"]
[Date "2016.07.28"]
[Round "7.8"]
[White "Imbeault, Marc"]
[Black "Grandmaison, Real"]
[Result "1/2-1/2"]
[WhiteElo "1372"]
[BlackElo "1243"]
[PlyCount "61"]
[EventDate "2016.07.23"]
[EventType "swiss"]
[EventRounds "8"]
[EventCountry "CAN"]

1. e4 g6 2. Nf3 Bg7 3. d4 d6 4. Nc3 e6 5. Bc4 Ne7 6. O-O O-O 7. Bf4 f5 8. Ng5
d5 9. exd5 exd5 10. Bb3 Na6 11. a3 h6 12. Nf3 c6 13. Re1 Nc7 14. Ne5 Kh7 15.
Qd2 Ng8 16. h3 Qf6 17. Re2 Ne6 18. Rae1 g5 19. Bh2 Ne7 20. Nd1 Ng6 21. Nxg6
Kxg6 22. c3 Bd7 23. Bc2 Kf7 24. Re5 Nd8 25. Qe2 Be6 26. Qh5+ Kg8 27. Qe2 Kf7
28. Qh5+ Kg8 29. Qe2 Kf7 30. Qh5+ Kg8 31. Qe2 1/2-1/2

[Event "Quebec op U1400"]
[Site "Montreal CAN"]
[Date "2016.07.28"]
[Round "7.9"]
[White "Gao, Ying Chen"]
[Black "Omichi, Kevin"]
[Result "1-0"]
[WhiteElo "1371"]
[BlackElo "1168"]
[PlyCount "63"]
[EventDate "2016.07.23"]
[EventType "swiss"]
[EventRounds "8"]
[EventCountry "CAN"]

1. e4 c5 2. Nf3 Nc6 3. d4 cxd4 4. Nxd4 Nf6 5. Nc3 e6 6. f3 Bc5 7. Be3 Bb6 8.
Qd2 d5 9. Bb5 Bd7 10. exd5 Nxd5 11. Nxd5 exd5 12. O-O-O Bxd4 13. Bxd4 Nxd4 14.
Bxd7+ Qxd7 15. Qxd4 Rd8 16. Qxg7 Ke7 17. Rhe1+ Kd6 18. Qf6+ Kc7 19. Re7 Qxe7
20. Qxe7+ Rd7 21. Qe5+ Rd6 22. Qxh8 h6 23. Qe5 Kc6 24. c4 Rd8 25. Rxd5 Rxd5 26.
Qxd5+ Kc7 27. Qxf7+ Kc6 28. f4 Kb6 29. f5 Kc5 30. Qd5+ Kb6 31. b4 h5 32. Qd6#
1-0

[Event "Quebec op U1400"]
[Site "Montreal CAN"]
[Date "2016.07.28"]
[Round "7.10"]
[White "Forgues, David"]
[Black "Luchian, Andra"]
[Result "0-1"]
[WhiteElo "1238"]
[BlackElo "1240"]
[PlyCount "72"]
[EventDate "2016.07.23"]
[EventType "swiss"]
[EventRounds "8"]
[EventCountry "CAN"]

1. e4 e5 2. Nf3 Nf6 3. Nc3 Nc6 4. a3 Bc5 5. Bc4 O-O 6. O-O d6 7. d3 Bg4 8. h3
Bh5 9. g4 Bg6 10. b4 Bb6 11. Nd5 Nxd5 12. Bxd5 Rb8 13. Bg5 Qd7 14. c3 Ne7 15.
Bb3 c6 16. Nh4 Kh8 17. Nxg6+ Nxg6 18. Be3 Rbd8 19. Bxb6 axb6 20. f3 Nf4 21. h4
g6 22. d4 Qe7 23. Ra2 Qxh4 24. Rh2 Qg5 25. d5 Kg7 26. a4 h5 27. a5 bxa5 28.
bxa5 h4 29. Qd2 Rh8 30. Kf2 h3 31. Rfh1 Qh4+ 32. Kf1 Qe7 33. dxc6 bxc6 34. a6
Rb8 35. Bc4 Qa7 36. Qxd6 Rb1+ 0-1

[Event "Quebec op U1400"]
[Site "Montreal CAN"]
[Date "2016.07.28"]
[Round "7.11"]
[White "Forcier, Pierre-Rodolphe"]
[Black "Pietka, Krystyn"]
[Result "0-1"]
[WhiteElo "1292"]
[BlackElo "1282"]
[PlyCount "80"]
[EventDate "2016.07.23"]
[EventType "swiss"]
[EventRounds "8"]
[EventCountry "CAN"]

1. e4 c6 2. d4 d5 3. exd5 cxd5 4. Nc3 Nc6 5. Nf3 Bf5 6. Bd3 Bxd3 7. Qxd3 e6 8.
O-O Kd7 9. Qb5 Qc7 10. Bf4 Qc8 11. Ne5+ Ke8 12. Rfe1 Nge7 13. Rad1 f6 14. Nxc6
bxc6 15. Qe2 Kf7 16. Rd3 Ng6 17. Qh5 Bb4 18. a3 Bxc3 19. Rxc3 Ke7 20. Qg4 Nxf4
21. Qxf4 g5 22. Qg3 Qd7 23. Rce3 Kf7 24. Qh3 Rae8 25. Qh5+ Kg7 26. Rh3 Qf7 27.
Qg4 h5 28. Qe2 Re7 29. c4 g4 30. Re3 Rhe8 31. cxd5 cxd5 32. h3 f5 33. h4 Qf6
34. Qa6 Kf7 35. Re5 Qxh4 36. g3 Qg5 37. R1e3 h4 38. Kg2 Qh6 39. Rxf5+ Kg7 40.
Ree5 exf5 0-1